Encyclopédie francaise. T.6 L'être humain,Santé, maladie

Guardat en:
Dades bibliogràfiques
Autor principal: Encyclopédie francaise. T.6
Format: Llibre
Idioma:Undetermined
Publicat: Paris Société de Gestion de l'Encyclopédie francaise 1937
Matèries:
Etiquetes: Afegir etiqueta
Sense etiquetes, Sigues el primer a etiquetar aquest registre!
Thư viện lưu trữ: Trung tâm Học liệu Trường Đại học Cần Thơ
LEADER 00556nam a2200181Ia 4500
001 CTU_25626
008 210402s9999 xx 000 0 und d
082 |a 034 
082 |b E56/T6 
100 |a Encyclopédie francaise. T.6 
245 0 |a Encyclopédie francaise. T.6 
245 0 |b L'être humain,Santé, maladie 
260 |a Paris 
260 |b Société de Gestion de l'Encyclopédie francaise 
260 |c 1937 
650 |a encyclopedias and dictionaries 
904 |i Minh, 980929 
980 |a Trung tâm Học liệu Trường Đại học Cần Thơ